Κατάλογος Βιβλιοθηκών Mediterranean College

Τηλεπικοινωνίες και Η/Υ / Στοιχεία Hardware/ Assembly (Record no. 2010)

MARC details
000 -LEADER
fixed length control field 01367cam a22001934a 4500
005 - ΗΜΕΡΟΜΗΝΙΑ ΚΑΙ ΩΡΑ ΤΕΛΕΥΤΑΙΑΣ ΕΝΗΜΕΡΩΣΗΣ
Πεδίο ελέγχου 20250605164028.0
008 - FIXED-LENGTH DATA ELEMENTS--GENERAL INFORMATION
Πεδίο ελέγχου σταθερού μήκους 250528s ||||||||||||||||||||||||d
035 ## - SYSTEM CONTROL NUMBER
System control number 16516
040 ## - ΠΗΓΗ ΚΑΤΑΛΟΓΟΓΡΑΦΗΣΗΣ
Φορέας πρωτότυπης καταλογογράφησης MC Athens Campus Library
Γλώσσα καταλογογράφησης Ελληνικά, Μοντέρνα (1453-)
Modifying agency MC Athens Campus Library
Κανόνες περιγραφικής καταλογογράφησης AACR2
245 1# - ΤΙΤΛΟΣ ΚΑΙ ΔΗΛΩΣΗ ΥΠΕΥΘΥΝΟΤΗΤΑΣ
Τίτλος Τηλεπικοινωνίες και Η/Υ / Στοιχεία Hardware/ Assembly
250 ## - EDITION STATEMENT
Edition statement
260 ## - PUBLICATION, DISTRIBUTION, ETC.
Name of publisher, distributor, etc. University Studio Press,
Date of publication, distribution, etc. 1990
300 ## - PHYSICAL DESCRIPTION
Extent 200
520 ## - SUMMARY, ETC.
Summary, etc. Συστήματα Αρίθμησης - Λογικά Κυκλώματα, Μικροεπεξεργαστές INTEL - 8080/ 8086/ 80286/ 80386/ 80486, Γλώσσα Μηχανής (Asswembly) - Παραδείγματα, Γραμμές Επικοινωνίας, Συσκευές Επικοινωνίας (Modem's - Πολυπέκτες κ.τ.λ.), Δίκτυα Επικοινωνίας, Μοντέλλο OSI, Δίκτυα LAN - Βιομηχανικά Τοπικά Δίκτυα, ISDN. Εισαγωγή, Συστήματα Αρίθμησης, Άλγεβρα BOOLE - Λογικά Κυκλώματα, Μικροεπεξεργαστές, Η Γλώσσα Μηχανής (ASSEMBLY), Επικοινωνία, Συσκευές Επίτευξης Επικοινωνίας, Δίκτυα Επικοινωνίας, Παράρτημα, Βιβλιογραφία.
700 1# - ΠΡΟΣΘΕΤΗ ΑΝΑΓΡΑΦΗ--ΦΥΣΙΚΟ ΠΡΟΣΩΠΟ
Personal name Τασούλιας Παν. Α
9 (RLIN) 2615
942 ## - ADDED ENTRY ELEMENTS (KOHA)
Koha item type Books
Holdings
Τύπος τεκμηρίου Βιβλιοθήκη Τρέχουσα τοποθεσία Barcode Αριθμός εισαγωγής Ημερομηνία απόκτησης Ταξιθετικό σύμβολο Αριθμός αντιτύπου Κατάσταση απόσυρσης Κατάσταση χαμένου Κατάσταση κατεστραμμένου Μη δανεισμός Σύνολο δανεισμών Ημερομηνία τελευταίας εμφάνισης Η τιμή ισχύει από
Books MC Athens Campus Library MC Athens Campus Library 9780000020093 4221 05/06/2025 004.616 TAS 1           05/06/2025 05/06/2025

MC Athens Campus Library
Πατησίων 94 & Κοδριγκτώνος 13, 104 34
Πελλήνης 8 & Πατησίων 107, 112 51
Τ: +30 210 8899600

MC Thessaloniki Campus Library
Ίωνος Δραγούμη 21, 54625 | Ίωνος Δραγούμη 15, 54625
Τ: +30 2310 287779 – Τ: +30 2314 440300